Distribution par images - Qu'est-ce qu'on a fait au Bon Dieu ? - Statistiques

Statistiques générales
  • Ce quiz a été pris 142 fois
  • Le résultat moyen est 5 sur 9
Statistiques - réponses
Par images Hint Réponse % Correct
Claude Verneuil Christian Clavier
99%
David Benichou Ary Abittan
80%
Marie Verneuil Chantal Lauby
70%
Laure Verneuil Elodie Fontan
64%
Isabelle Verneuil-Ben Assem Frédérique Bel
64%
Chao Ling Frédéric Chau
34%
Rachid Ben Assem Medi Sadoun
33%
Odile Verneuil-Benichou Julia Piaton
30%
Ségolène Verneuil-Ling Emilie Caen
27%
Aucun quiz correspondant
Distribution des résultats
% des personnes avec chaque résultat
Percentile par nombre de réponses
Votre historique - résultats
Vous n’avez pas pris ce quiz